[Event "SVM Verbandsliga West 2023-24"]
[Site "?"]
[Date "2024.03.03"]
[Round "7.7"]
[White "Voigt, Ingrid"]
[Black "Terlaak, Michael"]
[Result "1-0"]
[WhiteElo "1926"]
[BlackElo "1511"]
[PlyCount "51"]
[EventDate "2023.09.03"]
[EventType "team-tourn"]
[EventRounds "9"]
[EventCountry "GER"]
[WhiteTeam "SV Horrem 1"]
[BlackTeam "Tigerli Aachen 1"]

1. e4 d5 2. exd5 Qxd5 3. Nc3 Qa5 4. d4 c6 5. Nf3 Bf5 6. Bc4 e6 7. Bd2 Qc7 8. Qe2 Ne7 9. O-O-O Nd7 10. Nh4 O-O-O 11. g4 Bg6 12. Qf3 Nd5 13. Nxg6 fxg6 14. Qf7 Bd6 15. Qxe6 Nxc3 16. Bxc3 Rde8 17. Qf7 Rhf8 18. Rhe1 Qd8 19. Rxe8 Rxe8 20. Qxg7 Bf4+ 21. Kb1 Ne5 22. Be2 Rg8 23. Qxh7 Rh8 24. Qg7 Rg8 25. Ba5 Qd5 26. Qc7# 1-0

[Event "SVM Verbandsliga West 2023-24"]
[Site "?"]
[Date "2024.03.03"]
[Round "7.8"]
[White "Kleistra, Michel"]
[Black "Olschewski, Martin"]
[Result "1/2-1/2"]
[WhiteElo "1465"]
[BlackElo "1653"]
[PlyCount "84"]
[EventDate "2023.09.03"]
[EventType "team-tourn"]
[EventRounds "9"]
[EventCountry "GER"]
[WhiteTeam "Tigerli Aachen 1"]
[BlackTeam "SV Horrem 1"]

1. c4 e5 2. Nc3 Nf6 3. e4 Bc5 4. g3 d6 5. h3 Nc6 6. Nge2 Nd4 7. Bg2 O-O 8. O-O h6 9. d3 a6 10. a3 Nh7 11. Kh2 c6 12. a4 f5 13. f4 Nf6 14. Rb1 Qe8 15. Nxd4 exd4 16. Ne2 Qh5 17. Bf3 Qg6 18. e5 Nd7 19. b4 Ba7 20. exd6 c5 21. bxc5 Bxc5 22. Bxb7 Rb8 23. Bd5+ Kh7 24. Rxb8 Nxb8 25. Bb2 Qxd6 26. Bxd4 Nd7 27. Bxc5 Nxc5 28. Nc3 Bd7 29. Re1 Rb8 30. Qc2 Qf6 31. Re5 Rb4 32. Bg8+ Kxg8 33. Rxc5 Qb6 34. Rb5 axb5 35. Nd5 Qc5 {(=)} 36. Nxb4 Qxb4 37. axb5 Qc5 38. Qg2 Qd4 39. Qa8+ Kh7 40. Qf3 Bc8 41. Qd5 Qf2+ 42. Qg2 Qd4 {(=)} 1/2-1/2